书目信息 |
| 题名: |
红蓝寄家国
|
|
| 作者: | 李东东, 著 | |
| 分册: | ||
| 出版信息: | 北京 中国文史出版社 2017 |
|
| 页数: | 435页 | |
| 开本: | 24cm | |
| 丛书名: | 政协委员文库 | |
| 单 册: | ||
| 中图分类: | G219.2 , K203 | |
| 科图分类: | ||
| 主题词: | 新闻工作--xin wen gong zuo--研究--中国 , 中华文化--zhong hua wen hua--研究 | |
| 电子资源: | ||
| ISBN: | 978-7-5034-8739-2 | |
| 000 | 01107nam 2200301 45 | |
| 001 | 012001003222 | |
| 005 | 20140102135639.0 | |
| 010 | @a978-7-5034-8739-2@dCNY58.00 | |
| 099 | @aCAL 012017011402 | |
| 100 | @a20170210d2017 em y0chiy50 ea | |
| 101 | 0 | @achi |
| 102 | @aCN@b110000 | |
| 105 | @aaf z 000yy | |
| 106 | @ar | |
| 200 | 1 | @a红蓝寄家国@Ahong lan ji jia guo@f李东东著 |
| 210 | @a北京@c中国文史出版社@d2017 | |
| 215 | @a435页@c彩图@d24cm | |
| 225 | 2 | @a政协委员文库@Azheng xie wei yuan wen ku |
| 314 | @a李东东, 中国社会科学院研究生院新闻系新闻专业毕业, 法学硕士, 高级编辑等职。 | |
| 330 | @a本书共分为述咏家国情怀 ; 状描时代风云 ; 倾谈新闻圭臬 ; 文论初心本色 ; 赋写盛世华章五辑, 其主要内容包括: 《李庄文集》写在前面的话 ; 父亲给了我什么 ; 尽忠尽孝 家国情怀 ; 红笔蓝笔两从容等。 | |
| 410 | 0 | @12001 @a政协委员文库 |
| 606 | 0 | @a新闻工作@Axin wen gong zuo@x研究@y中国 |
| 606 | 0 | @a中华文化@Azhong hua wen hua@x研究 |
| 690 | @aG219.2@v5 | |
| 690 | @aK203@v5 | |
| 701 | 0 | @a李东东,@Ali dong dong@f1951-@4著 |
| 801 | @b江苏凤凰@c20191020 | |
| 905 | @b1235472-7@dG219.2@e831@f6 | |
| 红蓝寄家国/李东东著.-北京:中国文史出版社,2017 |
| 435页:彩图;24cm.-(政协委员文库) |
| ISBN 978-7-5034-8739-2:CNY58.00 |
| 本书共分为述咏家国情怀 ; 状描时代风云 ; 倾谈新闻圭臬 ; 文论初心本色 ; 赋写盛世华章五辑, 其主要内容包括: 《李庄文集》写在前面的话 ; 父亲给了我什么 ; 尽忠尽孝 家国情怀 ; 红笔蓝笔两从容等。 |
| ● |
| 相关链接 |
|
|
|
|
正题名:红蓝寄家国
索取号:G219.2/831
 
预约/预借
| 序号 | 登录号 | 条形码 | 馆藏地/架位号 | 状态 | 备注 |
| 1 | 1235472 | 212354726 | 第一样本阅览室/ [索取号:G219.2/831] | 在馆 | |
| 2 | 1235473 | 212354735 | 教育系资料室/ [索取号:G219.2/831] | 在馆 | |
| 3 | 1235474 | 212354744 | 教育系资料室/ [索取号:G219.2/831] | 在馆 | |
| 4 | 1235475 | 212354753 | 教育系资料室/ [索取号:G219.2/831] | 在馆 | |
| 5 | 1235476 | 212354762 | 第四借阅区/ [索取号:G219.2/831] | 在馆 | |
| 6 | 1235477 | 212354771 | 第四借阅区/ [索取号:G219.2/831] | 在馆 |